000 00607nam a22001937a 4500
005 20251108174949.0
008 250721s2010 xx 000 0 ara d
082 1 4 _a398.20411/روا
100 1 _aعبدالسلام، أحمد لطفي
_eمترجم
245 1 0 _aروائع الأساطير الأسكتلندية /
264 1 _aالجيزة :
_bمكتبة النافذة،
_c2010.
300 _a170ص.
650 1 7 _aعلم الأساطير
650 1 7 _aالأدب الشعبي
650 1 7 _aالجزر البريطانية
653 _aأسكتلندا
942 _2ddc
_cBK
999 _c122658
_d122658